The Pak Banker

Detalles Bibliográficos
Formato: eBook
Lenguaje:inglés
Publicado: [s.l.] : Plus Media Solutions, 2012 -
Materias:
Acceso en línea:Acceso restringido

MARC

LEADER 00000nam a22000007a 4500
005 20120808141231.0
007 cr|||| ||||
008 120808c20129999xxuzn|| s|||| 0||| 1eng d
035 |a 6550 
040 |a vLex 
090 |c 3358  |d 3358 
245 0 3 |a The Pak Banker  |h [Recurso electrn̤ico] 
256 |a Servicio en ln̕ea 
260 |a [s.l.] :  |b Plus Media Solutions,  |c 2012 - 
300 |a 1 recurso electrn̤ico 
310 |a Irregular 
650 0 4 |a Noticias 
650 0 4 |a Finanzas 
740 0 |a vLex Revistas (Servicio en ln̕ea) 
856 4 0 |u http://vlex.com/source/pak-banker-6550  |z Acceso restringido 
942 |c REV 
999 0 |a News 
999 0 |a  Finance